000 00315nam a22001337a 4500
008 171010b xxu||||| |||| 00| 0 eng d
020 _a2900534263880
041 _aeng
080 _23 ED
_a316
100 _a50
101 _aSOC
245 _aREESEARCH METHODS FOR SOCIAL WORK
_cRUBIN.A
942 _2udc
_cBK
999 _c32812
_d32812